[Event "LYM - Open Maîtres"]
[Site "Lausanne - Casino de Montbenon"]
[Date "1999.05.14"]
[Round "5"]
[White "Wojtkiewicz, Aleksander"]
[Black "Janssen, Ruud"]
[Result "1/2-1/2"]
[WhiteElo "2570"]
[BlackElo "2445"]
[PlyCount "70"]
[EventDate "2006.09.01"]
[SourceDate "2006.09.02"]

1. Nf3 Nf6 2. c4 c5 3. Nc3 b6 4. g3 Bb7 5. Bg2 g6 6. d4 cxd4 7. Qxd4 Bg7 8. O-O
d6 9. Rd1 Nbd7 10. Be3 Rc8 11. Rac1 O-O 12. Qh4 a6 13. b3 Rc7 14. Bh3 Re8 15.
Bh6 Bh8 16. Ng5 Qa8 17. e4 b5 18. Nd5 Bxd5 19. exd5 Rec8 20. Re1 bxc4 21. bxc4
Ne5 22. Bxc8 Qxc8 23. Red1 Nfg4 24. h3 f6 25. hxg4 fxg5 26. Qh3 Rxc4 27. Qf1
Rxc1 28. Rxc1 Qxg4 29. Qxa6 Nf3+ 30. Kg2 Nh4+ 31. Kf1 Qh3+ 32. Ke2 Qg4+ 33. Kf1
Qh3+ 34. Ke2 Qg4+ 35. Kf1 Qh3+ 1/2-1/2

[Event "LYM - Open Maîtres"]
[Site "Lausanne - Casino de Montbenon"]
[Date "1999.05.14"]
[Round "5"]
[White "Grabliauskas, Virginijus"]
[Black "Magem Badals, Jordi"]
[Result "1/2-1/2"]
[WhiteElo "2455"]
[BlackElo "2557"]
[PlyCount "45"]
[EventDate "2006.09.01"]
[SourceDate "2006.09.02"]

1. d4 d5 2. c4 dxc4 3. Nf3 Nf6 4. e3 e6 5. Bxc4 c5 6. Qe2 cxd4 7. exd4 Nc6 8.
O-O Nxd4 9. Nxd4 Qxd4 10. Nc3 Bd7 11. Rd1 Qb6 12. Bg5 O-O-O 13. Bf4 Bc6 14.
Rxd8+ Qxd8 15. Nb5 Bxb5 16. Rd1 Nd5 17. Bxb5 Bd6 18. Bg3 Bxg3 19. hxg3 Qf6 20.
Rd3 Qg5 21. Bc4 Rd8 22. Bxd5 Rxd5 23. Rxd5 1/2-1/2

[Event "LYM - Open Maîtres"]
[Site "Lausanne - Casino de Montbenon"]
[Date "1999.05.14"]
[Round "5"]
[White "De la Riva, Oscar"]
[Black "Bucher, Denis"]
[Result "1/2-1/2"]
[WhiteElo "2495"]
[BlackElo "2245"]
[PlyCount "49"]
[EventDate "2006.09.01"]
[SourceDate "2006.09.02"]

1. e4 c5 2. Nf3 d6 3. d4 cxd4 4. Nxd4 Nf6 5. Nc3 a6 6. f3 e5 7. Nb3 Be6 8. Be3
Be7 9. Qd2 Nbd7 10. g4 h6 11. O-O-O b5 12. h4 Nb6 13. Qf2 Rb8 14. Nc5 Bc8 15.
Kb1 Qc7 16. Nd3 Nc4 17. Nb4 Nxe3 18. Qxe3 Bb7 19. a3 Qc5 20. Qe1 Rd8 21. Be2
Nd7 22. Ncd5 Nb6 23. Nd3 Qc6 24. N3b4 Qc5 25. Nd3 1/2-1/2

[Event "LYM - Open Maîtres"]
[Site "Lausanne - Casino de Montbenon"]
[Date "1999.05.14"]
[Round "5"]
[White "Klovans, Janis"]
[Black "Epishin, Vladimir"]
[Result "0-1"]
[WhiteElo "2465"]
[BlackElo "2578"]
[PlyCount "114"]
[EventDate "2006.09.01"]
[SourceDate "2006.09.02"]

1. e4 c6 2. d4 d5 3. e5 Bf5 4. Nf3 e6 5. Be2 Ne7 6. O-O c5 7. Nc3 Nec6 8. Bg5
Qd7 9. dxc5 Bxc5 10. Na4 Be7 11. Bxe7 Qxe7 12. Nd4 Nxd4 13. Qxd4 O-O 14. c3 Nc6
15. Qe3 Rfd8 16. Rac1 h6 17. Rfd1 Rac8 18. f4 Rc7 19. Bb5 Rdc8 20. h3 a6 21.
Be2 b5 22. Nc5 Nxe5 23. Nxa6 Nc4 24. Bxc4 Rxc4 25. Nb4 Qd6 26. Rf1 d4 27. Qd2
Qc7 28. Kh2 dxc3 29. bxc3 Rxc3 30. Qxc3 Qxc3 31. Rxc3 Rxc3 32. Rf2 h5 33. Rb2
h4 34. Na6 Be4 35. Nb8 Bd5 36. Na6 f5 37. Kg1 Kf7 38. Rxb5 Rc2 39. Nb4 Rxg2+
40. Kf1 Rb2 41. Kg1 Bxa2 42. Rb7+ Kg6 43. Rb6 Kh7 44. Nd5 Rxb6 45. Nxb6 g5 46.
Kf2 Kg6 47. Ke3 e5 48. fxe5 Be6 49. Kf3 f4 50. Kg2 Kf5 51. Na4 Kxe5 52. Nc3 Kd4
53. Nd1 Kd3 54. Kf3 Kd2 55. Nf2 Bf5 56. Kg2 Ke2 57. Kg1 f3 0-1

[Event "LYM - Open Maîtres"]
[Site "Lausanne - Casino de Montbenon"]
[Date "1999.05.14"]
[Round "5"]
[White "Tukmakov, Vladimir"]
[Black "Maric, Alisa"]
[Result "0-1"]
[WhiteElo "2581"]
[BlackElo "2481"]
[PlyCount "98"]
[EventDate "2006.09.01"]
[SourceDate "2006.09.02"]

1. Nf3 Nf6 2. c4 e6 3. g3 d5 4. d4 Bb4+ 5. Bd2 Be7 6. Bg2 O-O 7. O-O c6 8. Qc2
Nbd7 9. Rd1 b6 10. Bf4 Bb7 11. Nc3 Rc8 12. Ne5 b5 13. c5 Nxe5 14. Bxe5 Nd7 15.
Bf4 e5 16. Bxe5 Nxe5 17. dxe5 Bxc5 18. Ne4 Be7 19. Nc5 Qc7 20. Rac1 Bxc5 21.
Qxc5 Qxe5 22. Qxa7 Rc7 23. Rd2 Re7 24. Qc5 Rfe8 25. e3 h5 26. h4 Re6 27. b3 Kh7
28. Bf1 Bc8 29. a4 bxa4 30. bxa4 Rg6 31. Qc3 Qe7 32. Bd3 f5 33. Kh2 Bd7 34. Be2
Rh6 35. Rd4 g5 36. Qc5 Qf6 37. Bd3 Rg8 38. Rb1 gxh4 39. Rxh4 Rg4 40. Rb4 Kg7
41. Kg2 Qxh4 42. Rb7 Qf6 43. Rxd7+ Kh8 44. Qb6 Rg8 45. Qc7 Rf8 46. a5 h4 47.
gxh4 Rxh4 48. Qd6 Rg8+ 49. Kf1 Qb2 0-1

[Event "LYM - Open Maîtres"]
[Site "Lausanne - Casino de Montbenon"]
[Date "1999.05.14"]
[Round "5"]
[White "Sargissian, Gabriel"]
[Black "Conquest, Stuart"]
[Result "0-1"]
[WhiteElo "2390"]
[BlackElo "2488"]
[PlyCount "80"]
[EventDate "2006.09.01"]
[SourceDate "2006.09.03"]

1. e4 c5 2. d3 Nc6 3. g3 Nf6 4. Bg2 d5 5. exd5 Nxd5 6. Nc3 Nxc3 7. bxc3 g6 8.
Ne2 Bg7 9. Rb1 O-O 10. Be3 Qd6 11. O-O Rb8 12. c4 b6 13. Bf4 e5 14. Bd2 Bb7 15.
Nc3 f5 16. a4 Kh8 17. Nd5 Ne7 18. Nxe7 Qxe7 19. Qe2 Rbe8 20. a5 Bxg2 21. Kxg2
Qb7+ 22. Kg1 e4 23. Be3 Qc7 24. axb6 axb6 25. Rfd1 h6 26. dxe4 Rxe4 27. Qd3 g5
28. f3 Re6 29. Bf2 Qf7 30. Re1 Rg6 31. Re2 h5 32. Rbe1 f4 33. gxf4 g4 34. Re4
Qf5 35. Kh1 Kh7 36. fxg4 Rxg4 37. Qf3 Bf6 38. Rg1 Rd8 39. Rxg4 hxg4 40. Qe2
Rd1+ 0-1

[Event "LYM - Open Maîtres"]
[Site "Lausanne - Casino de Montbenon"]
[Date "1999.05.14"]
[Round "5"]
[White "Sokolov, Andrei"]
[Black "Pujos, Stéphane"]
[Result "1-0"]
[WhiteElo "2567"]
[BlackElo "2249"]
[PlyCount "99"]
[EventDate "2006.09.01"]
[SourceDate "2006.09.03"]

1. e4 c5 2. Nf3 Nc6 3. Nc3 g6 4. d4 cxd4 5. Nxd4 Bg7 6. Nb3 Nf6 7. Be2 O-O 8.
O-O d6 9. Re1 Bd7 10. Bf1 Rc8 11. Nd5 Ne5 12. a4 Nc4 13. c3 e6 14. Nxf6+ Bxf6
15. Bxc4 Rxc4 16. Bh6 Re8 17. Qxd6 Rxa4 18. Rxa4 Bxa4 19. Qb4 Bc6 20. Na5 Bg5
21. Bxg5 Qxg5 22. Nxc6 bxc6 23. g3 Qb5 24. Qxb5 cxb5 25. Ra1 Re7 26. Ra5 Rb7
27. Kf1 e5 28. Ke2 Kf8 29. Kd3 Ke7 30. Kc2 f5 31. f3 fxe4 32. fxe4 Kf6 33. h4
g5 34. Ra6+ Rb6 35. Rxa7 gxh4 36. gxh4 h6 37. Kb3 Kg6 38. Kb4 Kh5 39. Kc5 Rb8
40. Ra6 Kxh4 41. Rxh6+ Kg5 42. Rd6 Kf4 43. Kd5 b4 44. c4 b3 45. c5 Rb4 46. c6
Rd4+ 47. Kc5 Rxe4 48. c7 Re2 49. Kb6 Rc2 50. Rc6 1-0

[Event "LYM - Open Maîtres"]
[Site "Lausanne - Casino de Montbenon"]
[Date "1999.05.14"]
[Round "5"]
[White "Ortega, Lexy"]
[Black "Herb, Pascal"]
[Result "1-0"]
[WhiteElo "2485"]
[BlackElo "2356"]
[PlyCount "75"]
[EventDate "2006.09.01"]
[SourceDate "2006.09.03"]

1. d4 Nf6 2. Nf3 e6 3. Bf4 d5 4. e3 c5 5. c3 Nc6 6. Nbd2 Bd6 7. Bg3 Bxg3 8.
hxg3 Qd6 9. Bb5 Bd7 10. Bxc6 Bxc6 11. Ne5 Ke7 12. Qf3 Ba4 13. Qf4 cxd4 14. exd4
Rac8 15. g4 h6 16. Rh3 Qb6 17. b3 Bd7 18. O-O-O Qa6 19. Kb2 Qe2 20. Rdh1 Be8
21. Qe3 Qxe3 22. Rxe3 g5 23. g3 Nd7 24. f4 f6 25. Nd3 Bf7 26. Nf3 Rcg8 27. f5
Kd6 28. Nc5 Nxc5 29. dxc5+ Kd7 30. c4 Re8 31. fxe6+ Bxe6 32. cxd5 Bxg4 33. c6+
bxc6 34. dxc6+ Kxc6 35. Rxe8 Rxe8 36. Rxh6 Re2+ 37. Ka3 Rf2 38. Ne5+ 1-0

[Event "LYM - Open Maîtres"]
[Site "Lausanne - Casino de Montbenon"]
[Date "1999.05.14"]
[Round "5"]
[White "Gheng, Josef"]
[Black "Siegel, Georg"]
[Result "0-1"]
[WhiteElo "2326"]
[BlackElo "2483"]
[PlyCount "71"]
[EventDate "2006.09.01"]
[SourceDate "2006.09.03"]

1. e4 d5 2. exd5 Qxd5 3. Nc3 Qa5 4. d4 c6 5. Bd3 Nf6 6. h3 Bf5 7. Nf3 Bxd3 8.
Qxd3 e6 9. O-O Nbd7 10. a3 Be7 11. Bd2 O-O 12. Rae1 Rad8 13. Qc4 Nb6 14. Qe2
Qf5 15. Bc1 h6 16. Nd1 Nfd5 17. Ne3 Nxe3 18. Bxe3 Bf6 19. c3 Nd5 20. Bc1 Nf4
21. Bxf4 Qxf4 22. Qe4 Qc7 23. b4 Rd5 24. Re3 Rfd8 25. Rfe1 a5 26. g3 Ra8 27.
Kg2 Rdd8 28. R1e2 axb4 29. axb4 Ra3 30. h4 Qd6 31. Nd2 Qd5 32. Qf3 Rda8 33. Ne4
Be7 34. Nc5 R8a7 35. Rc2 Ra1 36. Re5 0-1

[Event "LYM - Open Maîtres"]
[Site "Lausanne - Casino de Montbenon"]
[Date "1999.05.14"]
[Round "5"]
[White "Raeber, Markus"]
[Black "Preissmann, Emmanuel"]
[Result "1-0"]
[WhiteElo "2243"]
[BlackElo "2381"]
[PlyCount "89"]
[EventDate "2006.09.01"]
[SourceDate "2006.09.03"]

1. e4 d5 2. exd5 Nf6 3. Nc3 Nxd5 4. Bc4 e6 5. Nf3 Be7 6. O-O O-O 7. d4 b6 8.
Nxd5 exd5 9. Bd3 Bg4 10. Re1 Bd6 11. h3 Bh5 12. g4 Bg6 13. Bg5 f6 14. Be3 Nc6
15. Nh4 Ne7 16. Nxg6 hxg6 17. Qf3 g5 18. Re2 c6 19. Rae1 g6 20. Bd2 Kg7 21. Re6
Qd7 22. c3 Rae8 23. Bc2 Nc8 24. R6e2 Qf7 25. b4 b5 26. a4 Nb6 27. axb5 cxb5 28.
Ra1 Bb8 29. Rae1 Rh8 30. Bc1 Rxe2 31. Rxe2 Qc7 32. Kf1 Qf7 33. Kg2 Rc8 34. Qd3
a6 35. Kf1 Nd7 36. Bd2 Nf8 37. Qf3 Rd8 38. Bb3 Rd6 39. h4 Nh7 40. hxg5 fxg5 41.
Qxf7+ Kxf7 42. Re5 Nf6 43. Bxg5 Rc6 44. Re3 Rc8 45. Rf3 1-0

[Event "LYM - Open Maîtres"]
[Site "Lausanne - Casino de Montbenon"]
[Date "1999.05.15"]
[Round "6"]
[White "Sbarra, Marco"]
[Black "Sokolov, Andrei"]
[Result "0-1"]
[WhiteElo "2269"]
[BlackElo "2567"]
[PlyCount "30"]
[EventDate "2006.09.01"]
[SourceDate "2006.09.03"]

1. d4 Nf6 2. c4 e6 3. Nf3 b6 4. g3 Ba6 5. b3 Bb4+ 6. Bd2 Be7 7. Nc3 O-O 8. Bg2
c6 9. O-O d5 10. cxd5 cxd5 11. Bc1 Nc6 12. Bb2 Rc8 13. Re1 Ne4 14. Nd2 Ba3 15.
Bxa3 Nxc3 0-1

[Event "LYM - Open Maîtres"]
[Site "Lausanne - Casino de Montbenon"]
[Date "1999.05.15"]
[Round "6"]
[White "Magem Badals, Jordi"]
[Black "Janssen, Ruud"]
[Result "1/2-1/2"]
[WhiteElo "2557"]
[BlackElo "2445"]
[PlyCount "23"]
[EventDate "2006.09.01"]
[SourceDate "2006.09.03"]

1. e4 c5 2. Nf3 d6 3. d4 cxd4 4. Nxd4 Nf6 5. f3 Nc6 6. Nc3 Nxd4 7. Qxd4 g6 8.
Be3 Bg7 9. Bc4 O-O 10. Qd2 Bd7 11. a4 Rc8 12. Bb3 1/2-1/2

[Event "LYM - Open Maîtres"]
[Site "Lausanne - Casino de Montbenon"]
[Date "1999.05.15"]
[Round "6"]
[White "Siegel, Georg"]
[Black "Grigore, Georg-Gabriel"]
[Result "1/2-1/2"]
[WhiteElo "2483"]
[BlackElo "2528"]
[PlyCount "42"]
[EventDate "2006.09.01"]
[SourceDate "2006.09.03"]

1. e4 c5 2. Nf3 Nc6 3. Nc3 e5 4. Bc4 Be7 5. d3 Nf6 6. Nd2 d6 7. Nf1 Bg4 8. f3
Be6 9. Ne3 O-O 10. O-O Rb8 11. Ned5 Na5 12. Nxe7+ Qxe7 13. Bxe6 fxe6 14. f4
exf4 15. Bxf4 Nc6 16. Qd2 Rf7 17. Rae1 Rbf8 18. Nb5 e5 19. Bg5 h6 20. Bxf6 Rxf6
21. Nc3 Rxf1+ 1/2-1/2

[Event "LYM - Open Maîtres"]
[Site "Lausanne - Casino de Montbenon"]
[Date "1999.05.15"]
[Round "6"]
[White "Spanton, Timothy"]
[Black "Cmiel, Thorsten"]
[Result "1-0"]
[WhiteElo "2096"]
[BlackElo "2260"]
[PlyCount "51"]
[EventDate "2006.09.01"]
[SourceDate "2006.09.03"]

1. e4 c5 2. c4 g6 3. Ne2 Nc6 4. d4 Bg7 5. d5 Nd4 6. Nxd4 cxd4 7. Bd3 e5 8. O-O
d6 9. f4 exf4 10. Bxf4 Nf6 11. e5 Nh5 12. exd6 O-O 13. Qf3 Nxf4 14. Qxf4 Qb6
15. Nd2 Qxb2 16. Rab1 Qa3 17. Rb3 Qa5 18. Ne4 Qxa2 19. Rbb1 b6 20. Nf6+ Bxf6
21. Qxf6 Qa3 22. Bxg6 hxg6 23. Rf4 Bh3 24. Rh4 Qe3+ 25. Kh1 Bxg2+ 26. Kxg2 1-0

[Event "LYM - Open Maîtres"]
[Site "Lausanne - Casino de Montbenon"]
[Date "1999.05.15"]
[Round "6"]
[White "Loetscher, Roland"]
[Black "Sudan, Georges"]
[Result "0-1"]
[WhiteElo "2241"]
[BlackElo "2075"]
[PlyCount "54"]
[EventDate "2006.09.01"]
[SourceDate "2006.09.03"]

1. d4 Nf6 2. c4 g6 3. Nc3 d5 4. Bf4 Bg7 5. e3 c5 6. dxc5 Qa5 7. Rc1 dxc4 8.
Bxc4 O-O 9. Nf3 Qxc5 10. Bb3 Qa5 11. O-O Nc6 12. h3 Bf5 13. Qe2 Ne4 14. Nd5 e5
15. Rxc6 bxc6 16. Ne7+ Kh8 17. Nxc6 Qb6 18. Ncxe5 Be6 19. Bxe6 Qxe6 20. b3 Rac8
21. Nc4 Nc3 22. Qc2 Nd5 23. Be5 Bxe5 24. Nfxe5 Qxe5 25. Rd1 Qe6 26. e4 Nb6 27.
Rd6 Qe7 0-1

[Event "LYM - Open Maîtres"]
[Site "Lausanne - Casino de Montbenon"]
[Date "1999.05.15"]
[Round "6"]
[White "Preissmann, Emmanuel"]
[Black "Papa, Séverin"]
[Result "1-0"]
[WhiteElo "2381"]
[BlackElo "2115"]
[PlyCount "53"]
[EventDate "2006.09.01"]
[SourceDate "2006.09.03"]

1. e4 c6 2. c4 d5 3. cxd5 cxd5 4. exd5 Nf6 5. Nc3 Nxd5 6. Nf3 Nc6 7. d4 Bg4 8.
Qb3 Bxf3 9. gxf3 Nb6 10. d5 Nd4 11. Bb5+ Nd7 12. Qa4 Nxb5 13. Qxb5 g6 14. Bg5
h6 15. Bh4 Bg7 16. d6 Bf6 17. Bxf6 exf6 18. Nd5 Kf8 19. Nc7 Ne5 20. O-O-O Rc8
21. Qxb7 Qd7 22. Rhe1 Kg7 23. f4 Nc6 24. Ne6+ Qxe6 25. Rxe6 Nd4+ 26. Kb1 Nxe6
27. f5 1-0

[Event "LYM - Open Maîtres"]
[Site "Lausanne - Casino de Montbenon"]
[Date "1999.05.15"]
[Round "6"]
[White "Pavlovic, Milos"]
[Black "Fressinet, Laurent"]
[Result "1/2-1/2"]
[WhiteElo "2525"]
[BlackElo "2424"]
[PlyCount "48"]
[EventDate "2006.09.01"]
[SourceDate "2006.09.03"]

1. Nf3 d5 2. g3 Bg4 3. Bg2 Nd7 4. O-O e6 5. h3 Bh5 6. d3 Bd6 7. c4 Ne7 8. cxd5
exd5 9. Nc3 c6 10. e4 O-O 11. Qc2 Kh8 12. Be3 Bxf3 13. Bxf3 f5 14. Bg2 f4 15.
gxf4 Bxf4 16. Bxf4 Rxf4 17. Qd2 Ng6 18. exd5 Nde5 19. Qe3 Qf8 20. Ne2 Nf3+ 21.
Kh1 Rf6 22. Nd4 Ngh4 23. Nxf3 Nxf3 24. Rac1 cxd5 1/2-1/2

[Event "LYM - Open Maîtres"]
[Site "Lausanne - Casino de Montbenon"]
[Date "1999.05.15"]
[Round "6"]
[White "Belaz, Christian"]
[Black "Huss, Andreas"]
[Result "0-1"]
[WhiteElo "2108"]
[BlackElo "2380"]
[PlyCount "86"]
[EventDate "2006.09.01"]
[SourceDate "2006.09.03"]

1. e4 e6 2. d4 d5 3. exd5 exd5 4. Bd3 Nc6 5. c3 Bd6 6. Qf3 Nf6 7. h3 O-O 8. Ne2
Qe8 9. Bf4 Bxf4 10. Qxf4 Qd8 11. Nd2 Ne7 12. g4 Ng6 13. Qg3 Re8 14. O-O-O c6
15. f4 Qd6 16. Qf3 Qe7 17. g5 Ne4 18. h4 Bf5 19. Nf1 Nxg5 20. hxg5 Bxd3 21.
Qxd3 Qxe2 22. Qh3 Nf8 23. f5 Qf2 24. Kb1 Re1 25. Ng3 Rxh1 26. Rxh1 Re8 27. Rf1
Re1+ 28. Rxe1 Qxe1+ 29. Kc2 Qf2+ 30. Kb3 Qf4 31. f6 g6 32. Ne2 Qxg5 33. Qc8
Qxf6 34. Qxb7 Qe6 35. Qa6 h5 36. Nf4 Qd7 37. Nd3 h4 38. Ne5 Qc7 39. Qf1 c5 40.
Qf4 cxd4 41. cxd4 h3 42. Qh4 Ne6 43. Nf3 Qc4+ 0-1

[Event "LYM - Open Maîtres"]
[Site "Lausanne - Casino de Montbenon"]
[Date "1999.05.15"]
[Round "6"]
[White "Ekstroem, Roland"]
[Black "Boog, Alexandre"]
[Result "1-0"]
[WhiteElo "2498"]
[BlackElo "2285"]
[PlyCount "91"]
[EventDate "2006.09.01"]
[SourceDate "2006.09.03"]

1. d4 Nf6 2. c4 Nc6 3. Nf3 e6 4. a3 d5 5. Nc3 g6 6. Bf4 a6 7. e3 Bg7 8. Rc1 O-O
9. h3 Ne7 10. Bh2 Bd7 11. Bd3 dxc4 12. Bxc4 Ned5 13. O-O Nxc3 14. Rxc3 Ne4 15.
Rc1 Nd6 16. Ba2 Bc6 17. Re1 Bxf3 18. Qxf3 c6 19. Qf4 Nf5 20. Qc7 Qc8 21. Red1
Rd8 22. g4 Qxc7 23. Bxc7 Rd7 24. gxf5 Rxc7 25. fxe6 fxe6 26. Bxe6+ Kf8 27. b4
Re7 28. Bc4 Bh6 29. Kg2 Kg7 30. d5 cxd5 31. Bxd5 Rf8 32. Rc3 Rf5 33. h4 Rfe5
34. Rc8 Rd7 35. Bb3 Ree7 36. Rxd7 Rxd7 37. Be6 Rd3 38. Rc7+ Kf6 39. Bg8 Ke5 40.
Rxb7 Rxa3 41. Bxh7 Ra2 42. Kf3 Rb2 43. Bxg6 Bf8 44. Bd3 Rxb4 45. Rxb4 Bxb4 46.
Bxa6 1-0

[Event "LYM - Open Maîtres"]
[Site "Lausanne - Casino de Montbenon"]
[Date "1999.05.15"]
[Round "6"]
[White "Seul, Georg"]
[Black "Raeber, Markus"]
[Result "1-0"]
[WhiteElo "2441"]
[BlackElo "2243"]
[PlyCount "93"]
[EventDate "2006.09.01"]
[SourceDate "2006.09.03"]

1. e4 c5 2. Nf3 d6 3. Bc4 e6 4. O-O Nc6 5. Re1 Nf6 6. Bf1 Be7 7. c3 e5 8. h3
O-O 9. d4 Qc7 10. d5 Nd8 11. a4 Ne8 12. Na3 f5 13. exf5 Bxf5 14. Nc4 Nf6 15.
Nfxe5 Nf7 16. Nf3 Be4 17. Ng5 Nxg5 18. Bxg5 Rae8 19. Bd3 Bxd3 20. Qxd3 Nh5 21.
Bd2 Rf7 22. Re6 Ref8 23. f3 Ng3 24. Rae1 Nf5 25. R1e4 g6 26. Bf4 b6 27. Qe2 Qd8
28. Bh2 a6 29. Ne3 Ng7 30. Ng4 Nf5 31. Nh6+ Nxh6 32. Rxe7 b5 33. axb5 axb5 34.
Rxf7 Nxf7 35. Qxb5 Qg5 36. Qb3 Qc1+ 37. Kf2 Ng5 38. Re2 Qh1 39. Bxd6 Nxh3+ 40.
Kg3 Ng1 41. Re3 g5 42. Kf2 Qh4+ 43. Kxg1 Ra8 44. Qd1 Qc4 45. Re4 Qa6 46. Bxc5
Qb5 47. Ba3 1-0

[Event "LYM - Open Maîtres"]
[Site "Lausanne - Casino de Montbenon"]
[Date "1999.05.15"]
[Round "6"]
[White "Pikula, Dejan"]
[Black "Ortega, Lexy"]
[Result "0-1"]
[WhiteElo "2456"]
[BlackElo "2485"]
[PlyCount "72"]
[EventDate "2006.09.01"]
[SourceDate "2006.09.03"]

1. e4 c5 2. Nf3 d6 3. d4 cxd4 4. Nxd4 Nf6 5. Nc3 a6 6. Be3 e6 7. g4 h6 8. f4 b5
9. a3 Bb7 10. Bg2 Nbd7 11. g5 hxg5 12. fxg5 Nh5 13. g6 Ne5 14. gxf7+ Kxf7 15.
O-O+ Nf6 16. h3 Rc8 17. Nf3 Nc4 18. Ng5+ Kg8 19. Qe1 Qd7 20. Bc1 d5 21. e5 Bc5+
22. Kh1 Ng4 23. Rf7 Qc6 24. Bf4 Nf2+ 25. Kh2 Ng4+ 26. Kh1 Nf2+ 27. Kh2 Ne3 28.
Bxe3 Ng4+ 29. Kh1 Bxe3 30. Rxb7 Nf2+ 31. Kh2 Qxb7 32. Nxe6 Ng4+ 33. Kh1 Qb8 34.
Bxd5 Qxe5 35. Nf4+ Kf8 36. Qf2 Bxf2 0-1

[Event "LYM - Open Maîtres"]
[Site "Lausanne - Casino de Montbenon"]
[Date "1999.05.15"]
[Round "6"]
[White "Kalinitschev, Sergei"]
[Black "Grabliauskas, Virginijus"]
[Result "1-0"]
[WhiteElo "2528"]
[BlackElo "2455"]
[PlyCount "83"]
[EventDate "2006.09.01"]
[SourceDate "2006.09.03"]

1. d4 d5 2. c4 c6 3. Nc3 Nf6 4. cxd5 cxd5 5. Bf4 Nc6 6. e3 a6 7. Bd3 Bg4 8.
Nge2 e6 9. O-O Be7 10. Rc1 O-O 11. f3 Bh5 12. Bg3 Bg6 13. Bxg6 hxg6 14. Nf4 Bd6
15. Nd3 Bxg3 16. hxg3 Qd6 17. f4 Rfc8 18. g4 Kf8 19. Qf3 Ke7 20. Ne5 b5 21. g5
Nd7 22. Qf2 Na5 23. e4 b4 24. Na4 dxe4 25. Nc5 Nb6 26. Nxe4 Qd5 27. Nc5 Nb7 28.
Rfd1 Nd6 29. a3 bxa3 30. bxa3 Ra7 31. Qb2 Na8 32. Ng4 Qf5 33. Ne5 Qxf4 34. Qe2
Nb6 35. Nxg6+ fxg6 36. Qxe6+ Kd8 37. Qg8+ Kc7 38. Ne6+ Kd7 39. Qxc8+ Nbxc8 40.
Nxf4 Ne7 41. d5 Ra8 42. Ne6 1-0

[Event "LYM - Open Maîtres"]
[Site "Lausanne - Casino de Montbenon"]
[Date "1999.05.15"]
[Round "6"]
[White "Conquest, Stuart"]
[Black "Kengis, Edvins"]
[Result "1/2-1/2"]
[WhiteElo "2488"]
[BlackElo "2571"]
[PlyCount "120"]
[EventDate "2006.09.01"]
[SourceDate "2006.09.03"]

1. d4 e6 2. Nf3 Nf6 3. c4 b6 4. Nc3 Bb7 5. a3 g6 6. Qd3 Bg7 7. e4 d6 8. Be2 O-O
9. Bg5 Nbd7 10. Rd1 h6 11. Bh4 Qe8 12. O-O Nh5 13. Bg3 Nxg3 14. hxg3 a6 15.
Rfe1 Rd8 16. Bf1 c5 17. d5 Ne5 18. Qc2 Qe7 19. Nh2 g5 20. Be2 Rfe8 21. Rf1 exd5
22. exd5 Bc8 23. Rde1 Qf6 24. Qd1 Bf5 25. Kh1 Qg6 26. Qa4 Bc2 27. Qxa6 Ra8 28.
Qxb6 Reb8 29. Qc7 Rxb2 30. Nb5 Bd3 31. Bxd3 Nxd3 32. Qc6 Rf8 33. Qxd6 Nxe1 34.
Rxe1 Qxd6 35. Nxd6 Rxf2 36. Nb7 Rc2 37. d6 Rxc4 38. Nf3 Bf6 39. d7 Rc3 40. Re8
c4 41. Ne5 h5 42. Nd6 Rc1+ 43. Kh2 c3 44. Nexf7 c2 45. Nh6+ Kg7 46. Ndf5+ Kg6
47. Rxf8 Rd1 48. Rg8+ Kh7 49. Rc8 c1=Q 50. Rxc1 Rxc1 51. Nf7 Rd1 52. N5d6 Kg7
53. a4 g4 54. a5 Kg6 55. Ne5+ Kh7 56. Nef7 Bd4 57. a6 Bg1+ 58. Kh1 Bb6+ 59. Kh2
Bg1+ 60. Kh1 Bf2+ 1/2-1/2

[Event "LYM - Open Maîtres"]
[Site "Lausanne - Casino de Montbenon"]
[Date "1999.05.14"]
[Round "6"]
[White "Epishin, Vladimir"]
[Black "Gallagher, Joseph"]
[Result "1-0"]
[WhiteElo "2578"]
[BlackElo "2519"]
[PlyCount "103"]
[EventDate "2006.09.01"]
[SourceDate "2006.09.03"]

1. d4 Nf6 2. c4 g6 3. Nc3 Bg7 4. e4 d6 5. Nf3 O-O 6. Be2 e5 7. O-O Na6 8. Re1
c6 9. Bf1 Bg4 10. d5 c5 11. Be2 Ne8 12. g3 Bd7 13. Nh4 Nec7 14. Ng2 Qe8 15. Bd2
b5 16. cxb5 Nxb5 17. Nxb5 Bxb5 18. Ne3 Rb8 19. Bc3 Nc7 20. a4 Bxe2 21. Qxe2 f5
22. Nc4 Qd7 23. f3 fxe4 24. fxe4 Ne8 25. Rf1 Rxf1+ 26. Qxf1 Qg4 27. Qg2 Rb7 28.
Rf1 Rf7 29. Rxf7 Kxf7 30. h3 Qd7 31. b3 Bf6 32. Kf2 Qb7 33. Na5 Qb6 34. Kf3 Be7
35. Qf1 a6 36. Qc4 Nf6 37. Bd2 h5 38. Nc6 Qb7 39. Kg2 Kg7 40. a5 Ng8 41. b4
cxb4 42. Qxb4 Qd7 43. Be3 Nf6 44. Qc4 h4 45. Qxa6 Nxe4 46. Qc4 Nxg3 47. a6 e4
48. a7 Qf5 49. Nd4 Qh5 50. a8=Q Qd1 51. Qc1 Qd3 52. Qaa3 1-0

[Event "LYM - Open Maîtres"]
[Site "Lausanne - Casino de Montbenon"]
[Date "1999.05.15"]
[Round "6"]
[White "Prié, Eric"]
[Black "De la Riva, Oscar"]
[Result "1-0"]
[WhiteElo "2467"]
[BlackElo "2495"]
[PlyCount "55"]
[EventDate "2006.09.01"]
[SourceDate "2006.09.03"]

1. d4 f5 2. Bg5 g6 3. Nc3 Bg7 4. h4 d5 5. e3 c6 6. Qf3 Nf6 7. h5 Nxh5 8. Rxh5
gxh5 9. Qxh5+ Kf8 10. O-O-O Qe8 11. Qh2 Be6 12. Bd3 Nd7 13. Nge2 h6 14. Bh4 Nf6
15. Nf4 Bd7 16. f3 Kg8 17. Qg3 Qf7 18. Nce2 Re8 19. Rg1 Ne4 20. Bxe4 dxe4 21.
Ng6 Qxa2 22. Nxe7+ Rxe7 23. Bxe7 Kh7 24. Nf4 Qa1+ 25. Kd2 Qxg1 26. Bf6 Qf2+ 27.
Qxf2 Bxf6 28. fxe4 1-0

[Event "LYM - Open Maîtres"]
[Site "Lausanne - Casino de Montbenon"]
[Date "1999.05.15"]
[Round "6"]
[White "Bucher, Denis"]
[Black "Kveynis, Aloyzas"]
[Result "0-1"]
[WhiteElo "2249"]
[BlackElo "2502"]
[PlyCount "118"]
[EventDate "2006.09.01"]
[SourceDate "2006.09.03"]

1. e4 c5 2. Nf3 e6 3. d4 cxd4 4. Nxd4 a6 5. Bd3 Bc5 6. Nb3 Be7 7. O-O d6 8. c4
Nf6 9. Nc3 O-O 10. Kh1 Nbd7 11. f4 b6 12. Nd4 Bb7 13. Qe2 Qc7 14. Bd2 Rfe8 15.
Nf3 Rad8 16. Rae1 Nc5 17. Bb1 d5 18. cxd5 exd5 19. e5 Nfe4 20. Nd4 Bf8 21. Rc1
a5 22. Rfd1 Qd7 23. Be3 g6 24. Qf3 f6 25. exf6 Qf7 26. f5 Qxf6 27. Bg1 g5 28.
Qh5 Bg7 29. a3 Kh8 30. b4 axb4 31. axb4 Nxc3 32. Rxc3 Ne4 33. Rc7 Bc8 34. Rdc1
Bxf5 35. Nxf5 Qxf5 36. Rxg7 Kxg7 37. Rc7+ Kg8 38. Bxe4 Rxe4 39. Rxh7 Qxh7 40.
Qxg5+ Kf7 41. Qxd8 Qf5 42. Qc7+ Kg6 43. Qxb6+ Qe6 44. Qc5 Rc4 45. Qf8 d4 46.
Qf3 Rc3 47. Qf4 d3 48. h4 Rc4 49. Qg3+ Kf7 50. Qf3+ Kg8 51. Qa8+ Rc8 52. Qa5
Qe4 53. Qg5+ Kf7 54. Qh5+ Ke6 55. Qh6+ Kf7 56. Qh5+ Ke6 57. Qh6+ Kd5 58. Bc5
Rg8 59. Qh5+ Ke6 0-1